000 00742nam a2200289Ia 4500
005 20260324143631.0
008 008 260324s9999 xx 000 0 eng d
020 _a9780429044168
037 _aEBOOK
040 _aCRL
040 _beng
040 _cCRL
041 _2eng
041 _aeng
084 _qCRL
100 _aGerhard Simon
_91216369
245 0 _aNationalism And Policy Toward The Nationalities In The Soviet Union
245 0 _bFrom Totalitarian Dictatorship To Post-stalinist Society
260 _bTaylor and Francis
260 _c1991
365 _a
365 _b230
856 _uhttp://www.taylorfrancis.com/books/9780429044168
942 _cEBOOK
999 _c1821976
_d1821976